Waste water treatment for pollution control and reuse (Record no. 42612)

MARC details
000 -LEADER
fixed length control field 00577nam a2200205Ia 4500
020 ## - INTERNATIONAL STANDARD BOOK NUMBER
ISBN 0070620997
082 ## - DEWEY DECIMAL CLASSIFICATION NUMBER
Classification number 628.1:617.7
Item number ARC
100 ## - MAIN ENTRY--AUTHOR NAME
Personal name Arceivala, Soli J
245 #0 - TITLE STATEMENT
Title Waste water treatment for pollution control and reuse
250 ## - EDITION STATEMENT
Edition statement Ed.3
260 ## - PUBLICATION, DISTRIBUTION, ETC. (IMPRINT)
Place of publication New Delhi
Name of publisher Tata McGraw-Hill
Year of publication 2007
650 ## - SUBJECT ADDED ENTRY--TOPICAL TERM
Topical Term Pollution control
650 ## - SUBJECT ADDED ENTRY--TOPICAL TERM
Topical Term Sludge management
650 ## - SUBJECT ADDED ENTRY--TOPICAL TERM
Topical Term Sustainable management
650 ## - SUBJECT ADDED ENTRY--TOPICAL TERM
Topical Term Waste water irrigation
650 ## - SUBJECT ADDED ENTRY--TOPICAL TERM
Topical Term Waste water reuse
700 ## - ADDED ENTRY--PERSONAL NAME
Personal name Asolekar, Shyam R
942 ## - ADDED ENTRY ELEMENTS (KOHA)
Koha item type Books
Holdings
Withdrawn status Lost status Damaged status Not for loan Home library Current library Date acquired Cost, normal purchase price Full call number Accession Number Koha item type
        RRII Library RRII Library 16/12/2021 550.00 628.1:617.7 ARC 22882 Books